000 00304nam a22001337a 4500
008 170606b xxu||||| |||| 00| 0 eng d
020 _a 0871871661
041 _aeng
080 _a32
100 _a18
101 _aSHP
245 _aENERGY, POLITICS AND PUBLIC POLICY
_cROSENBAUM,W.A
942 _2udc
_cBK
999 _c16201
_d16201